000 00282nam a22001337a 4500
008 170505b xxu||||| |||| 00| 0 eng d
020 _a9781587785030
041 _aeng
080 _a34
100 _a15
101 _aSHJ
245 _aTORTS STORIES
_cRABIN, R.L
942 _2udc
_cBK
999 _c12818
_d12818